Modern wireless communications / (Record no. 212447)

000 -LEADER
fixed length control field 00925 a2200205 4500
003 - CONTROL NUMBER IDENTIFIER
control field Nust
005 - DATE AND TIME OF LATEST TRANSACTION
control field 20220815184531.0
010 ## - LIBRARY OF CONGRESS CONTROL NUMBER
LC control number 2003061139
020 ## - INTERNATIONAL STANDARD BOOK NUMBER
International Standard Book Number 0130224723 (alk. paper)
040 ## - CATALOGING SOURCE
Transcribing agency Nust
082 00 - DEWEY DECIMAL CLASSIFICATION NUMBER
Classification number 621.382,HAY
100 1# - MAIN ENTRY--PERSONAL NAME
Personal name Haykin, Simon S.,
9 (RLIN) 97334
245 10 - TITLE STATEMENT
Title Modern wireless communications /
Statement of responsibility, etc. Simon Haykin and Michael Moher.
260 ## - PUBLICATION, DISTRIBUTION, ETC.
Place of publication, distribution, etc. Upper Saddle River, N.J. :
Name of publisher, distributor, etc. Pearson/Prentice Hall,
Date of publication, distribution, etc. c2005.
300 ## - PHYSICAL DESCRIPTION
Extent xvi, 560 p. :
Other physical details ill. ;
Dimensions 25 cm.
505 ## - FORMATTED CONTENTS NOTE
Formatted contents note Introduction (Page-1), Propagation and noise(Page-11), Modulation and frequency division multiple access (Page-103), Coding and time division multiple access (Page-179), Spread spectrum and code division multiple access (Page-258), Diversity,capacity and space division multiple access (Page-339), Wireless architectures (Page-450).
650 #0 - SUBJECT ADDED ENTRY--TOPICAL TERM
Topical term or geographic name entry element Telecommunication Engineering.
700 1# - ADDED ENTRY--PERSONAL NAME
Personal name Moher, Michael.
9 (RLIN) 68939
942 ## - ADDED ENTRY ELEMENTS (KOHA)
Koha item type Reference
Source of classification or shelving scheme
Holdings
Withdrawn status Lost status Source of classification or shelving scheme Damaged status Not for loan Permanent Location Current Location Shelving location Date acquired Full call number Barcode Date last seen Price effective from Koha item type Public note
          Military College of Signals (MCS) Military College of Signals (MCS) Reference 12/12/2016 621.382,HAY MCS30874 12/08/2016 12/12/2016 Reference Almirah No.21, Shelf No.6
© 2023 Central Library, National University of Sciences and Technology. All Rights Reserved.